Základné aspekty zostavenia záverečného účtu za rok 2013

Čo obsahuje záverečný účet obce.

Na minha lista:
Detalhes bibliográficos
Autor principal: Neupauerová, Zuzana
Formato: Capítulo de Livro
Idioma:eslovaco
Assuntos:
Tags: Adicionar Tag
Sem tags, seja o primeiro a adicionar uma tag!

MARC

LEADER 00000nla a2200000 4500
001 0189935
005 20240502073210.4
041 0 |a slo 
044 |a SK 
245 1 0 |a Základné aspekty zostavenia záverečného účtu za rok 2013  |c Zuzana Neupauerová 
520 |a Čo obsahuje záverečný účet obce. 
610 2 0 |a obce 
610 2 0 |a hospodárenie finančné 
610 2 0 |a účty 
100 1 |a Neupauerová, Zuzana